000 01537nam2a22002651 4500
001 RU\NLR\INFOCOMM16\1000021921
005 20250617160645.0
035 _a(NLR Aleph) 002764090
090 _a2258622
_c2258622
100 _a20040128d1988 |||y0rusy50 ca
101 0 _arus
102 _aRU
105 _ay |||||||||
200 1 _aПерспективы создания и улучшения штампов микроорганизмов для производства аминокислот
_fСаканян В.А.
_gОвсепян А.С.
210 _d1988
_aБ. м.
461 0 _1001RU\NLR\INFOCOMM16\1000021917
_12001#$aГенетическая инженерия, молекулярная биология, селекция промышленных микроорганизмов$eОбзор информ.$fМ-во мед. и микробиол. пром-сти СССР. ЦБНТИ. ЦБНТИ Минмедбиопром$v1988, Вып.2
_92258586
_cМ.
_d1987-
_fМ-во мед. и микробиол. пром-сти СССР. ЦБНТИ. ЦБНТИ Минмедбиопром
_oОбзор информ.
_tГенетическая инженерия, молекулярная биология, селекция промышленных микроорганизмов
_v1988, Вып.2
700 1 _aСаканян
_bВ.А.
_4070
701 1 _aОвсепян
_bА.С.
_4070
801 1 _aRU
_bInfoComm
_c20040128
801 0 _aRU
_bNLR
_gPSBO
852 _aNLR
_jП7/2151
942 _cISSUE
980 _aNB
980 _aRUSPER